000 00611nam a2200253Ia 4500
005 20250425161456.0
008 250425s9999 xx 000 0 und d
020 _a0136893082
041 _aeng
082 _a697
100 _aTRAISTER, JOHN E.
245 0 _aPRACTICAL DRAFTING FOR THE HVAC TRADES
250 _a2ND ED.
260 _aEstados Unidos
_bPRENTICE-HALL
_c1984
260 _aS.L.
300 _a272
650 _aAIRE ACONDICIONADO
650 _aCALEFACCION
650 _aDIBUJO MECANICO
650 _aEQUIPO INDUSTRIAL
650 _aVENTILACION
942 _c01
010 _a21175
999 _c210023
_d210023